Statistiques concernant Les 7 vertus catholiques

Cliquez ici pour prendre le quiz!

Statistiques générales

  • Ce quiz a été pris 94 fois
  • Le résultat moyen est 3 sur 7

Statistiques - réponses

Réponse% Correct
Foi
70%
Charité
65%
Espérance
57%
Tempérance
40%
Prudence
39%
Courage
32%
Justice
29%

Distribution des résultats

Percentile par nombre de réponses

% des personnes avec chaque résultat

Votre développement - résultats

Vous n’avez pas pris ce quiz